| 000 | 00547nam a2200181 i 4500 | ||
|---|---|---|---|
| 001 | 32524 | ||
| 003 | ES-MaACL | ||
| 005 | 20230906154604.0 | ||
| 007 | t| | ||
| 008 | 030131s1972 sp ||||1| spa d | ||
| 100 | 1 |
_aBernoux, Philippe. _928350 |
|
| 245 | 1 | 0 |
_aViolencia y sociedad / _cPhilippe Bernoux, Alain Birou ; [traducción Argimiro de la Fente]. |
| 260 |
_a[Algorta : _bZero, _c1972] |
||
| 300 |
_a184 p. ; _c20 cm. |
||
| 700 | 1 |
_aBirou, Alain. _928987 |
|
| 700 | 1 |
_aFuente, Argimiro de la. _952832 |
|
| 852 |
_aES-MaACL _jC-48619 _bR.80807 |
||
| 999 |
_c32524 _d32524 |
||